ბათუმის შოთა რუსთაველის სახელმწიფო უნივერსიტეტის ბიბლიოთეკა

ზოგადი ჰიდროლოგია : (ბიბ.ჩანაწერი № 36204)

000 -ლიდერი
ფიქსირებული სიგრძის საკონტროლო ველი 00998nam a2200229Ia 4500
001 - საკონტროლო ნომერი
საკონტროლო ველი 2107
003 - საკონტროლო ნომრის იდენტიფიკატორი
საკონტროლო ველი GE_BSU
005 - ბოლო ოპერაციის თარიღი და დრო
საკონტროლო ველი 20190514154834.0
008 - ფიქსირებული სიგრძის მონაცემთა ელემენტები - ზოგადი ინფორმაცია
ფიქსირებული სიგრძის საკონტროლო ველი 181216s1967||||ge |||||||||||||| ||geo||
040 ## - კატალოგიზაციის წყარო
Transcribing agency GE_BSU
041 ## - ენის კოდი
Language code of text/sound track or separate title geo
080 ## - უნივერსალური ათობითი კლასიფიკაციის ინდექსი
Universal Decimal Classification number 556(075.8) უ–38
100 ## - მთავარი ჩანაწერი - პიროვნების სახელი
Personal name უკლება, ნ.
9 (RLIN) 1119
245 ## - ცნობა სათაურის შესახებ
Title ზოგადი ჰიდროლოგია :
Remainder of title სახელმძღვანელო სტუდენტებისათვის /
Statement of responsibility, etc ნოე უკლება; რედ. მ. საბაშვილი
264 ## - წარმოების, გამოცემის, დისტრიბუციის და სხვა ცნობები
გამოცემის, წარმოების, დისტრიბუციის... ადგილი თბილისი :
გამოცემის, წარმოების, დისტრიბუციის... სახელწოდება თბილ. უნ-ტის გამ-ბა,
გამოცემის, წარმოების, დისტრიბუციის... თარიღი 1967.
300 ## - ფიზიკური აღწერა
Extent 402 გვ.
Other physical details 26 სმ.
504 ## - BIBLIOGRAPHY, ETC. NOTE
Bibliography, etc ბიბლიოგრ. : გვ. 396-398.
546 ## - LANGUAGE NOTE
Language note ბიბლიოგრ. ქართულ და რუსულ ენებზე.
653 ## - INDEX TERM--UNCONTROLLED
Uncontrolled term ჰიდროლოგია
700 ## - ADDED ENTRY--PERSONAL NAME
Personal name საბაშვილი, მ.
Relator term რედაქტორი
9 (RLIN) 1120
942 ## - ADDED ENTRY ELEMENTS (KOHA)
Koha item type წიგნი
Source of classification or shelving scheme
ეგზემპლარები
ჩამოწერის სტატუსი დაკარგული ეგზემპლარის სტატუსი კლასიფიკაციის წყარო ან თაროზე გაწყობის სქემა დაზიანების სტატუსი არ გაიცემა მუდმივი მდებარეობა (დაცვის ადგილი) ამჟამინდელი ადგილსამყოფელი შეძენის თარიღი ღირებულება, შესყიდვის ნორმალური ფასი სრული შენახვის შიფრი შტრიხკოდი ბოლო ოპერაციის თარიღი ეგზემპლარის მიმდევრობითი ნომერი (კეტერი?) ფასის ძალაში შესვლის თარიღი ეგზემპლარის სახეობა საჯარო შენიშვნა თაროზე განთავსების ადგილი
          ბათუმის შოთა რუსთაველის სახელმწიფო უნივერსიტეტის მთავარი ბიბლიოთეკა ბათუმის შოთა რუსთაველის სახელმწიფო უნივერსიტეტის მთავარი ბიბლიოთეკა 2018-12-17 12.00 556(075.8) უ–38 4209 2018-12-17 4209 2018-12-17 წიგნი 12 ლ. წიგნსაცავი
          ტექნოლოგიური ფაკულტეტის ბიბლიოთეკა ტექნოლოგიური ფაკულტეტის ბიბლიოთეკა 2018-12-17 15.00 556(075.8) უ–38 2734 2018-12-17 2734 2018-12-17 წიგნი 15 ლ.